| 000 | 00758nam a22002297a 4500 | ||
|---|---|---|---|
| 005 | 20170124110245.0 | ||
| 010 | _aA-704992 | ||
| 020 |
_c00.00 _a8170232139 |
||
| 035 | _aA-704992 | ||
| 037 | _bCen Lib/Ret | ||
| 040 |
_aDPL _bEN |
||
| 082 |
_a921 _bRAJ |
||
| 245 |
_aDr. Rajendra Prasad : _cedited by Valmiki Choudhary _bcorrespondence and select documents / |
||
| 260 |
_aNew Delhi _bAllied Publishers _c1993 |
||
| 270 |
_bNew Delhi _aA-104, Mayapuri -2 _e110064 |
||
| 300 |
_axxvii, 549p. _c21cm(Hb) |
||
| 500 | _aIncludes index | ||
| 650 |
_aRajendra Prasad -- Biography. _997146 |
||
| 650 |
_z _aIndia -- Politics and government -- 1958-1959 _997147 |
||
| 700 |
_aChoudhary, Valmiki _997148 |
||
| 942 |
_2ddc _cEN _h921 _mRAJ |
||
| 999 |
_c135454 _d135454 |
||